00871nam a2200241Ia 4500001000600000003000900006008004100015040001300056040001300069041001300082100002800095100002900123245005200152245009600204250001100300260001000311260001200321260004900333300005500382500012600437650003500563650003100598C9001IT-RoPAU130308s9999 xx 000 0 und d aIT-RoPAU cIT-RoPAU aSPAGNOLO aVillarruel Acosta Marco gCodice Aut. SPICS: 42679 aCaso de la universidad central del Ecuador (El) bInvestigacion, mensajes Y Audiencias: primer Encuentro de investigadores de la Comunicacion a1a ed. aQUITO bCiespal c1993 [1° Ed.:1993 - Ed.Ling.Originale:1993] a"7 p. (prefazione: no ; testo: 7 [pagine: 47-53])" aRicerca nella Università Centrale dell'Ecuador Sulla Comunicazione. Creazione della Facoltà di Comunicazione Sociale. aSAGGI DI COMUNICAZIONE SOCIALE eCodice materia Spics: 3807